000
00278nam a22001217a 4500
999
_c
15353
_d
15353
020
_a
9780070859067
082
_a
6217.23
_b
CHO/OP
100
_a
Chow, Ven Te
_9
3034
245
_a
Open - channel hydaulics
260
_a
Singapore
_b
McGraw Hill
_c
1973
300
_a
680
942
_c
REF